| 000 | 00721nam a2200205Ii 4500 | ||
|---|---|---|---|
| 003 | JO-AjNU | ||
| 008 | 230605s9999||||xx |||||||||||||| ||und|| | ||
| 040 |
_aJO-AjNU _bara _erda _cJO-AjNU |
||
| 041 | _aara | ||
| 050 | 1 | 4 | _aPJ7858.A24.Z782 1986 |
| 100 | 3 |
_aتأليف النابلسي، شاكر, _eauthor _939845 |
|
| 245 | 0 | 0 | _aالضوء.. واللعبة: استكناه نقدي لنزار قباني |
| 250 | _aط1 | ||
| 264 | 3 | 1 | _aبيروت:المؤسسة العربية للدراسات والنشر،1986 |
| 300 | _a656ص | ||
| 336 |
_atext _btxt _2rdacontent |
||
| 337 |
_aunmediated _bn _2rdamedia |
||
| 338 |
_avolume _bnc _2rdacarrier |
||
| 650 | 4 |
_aالشعر العربي - تحليل ونقد _939846 |
|
| 999 |
_aA16862 _c20430 _d20430 |
||